000 00831nam a2200217Ia 4500
001 15761
003 GE_BSU
008 181216s||||||||xx |||||||||||||| ||und||
040 _cGE_BSU
080 _a821.353.1-1
100 _aხვარამზე
245 _aვერცხლის თასადამც მაქცია
245 _bფშაველი სახალხო მთქმელის ხვარამზეს ლექსები
245 _cშემდგ. და წინასიტყვ. ავტ. ი. გოგოლაური
260 _aთბილისი
260 _bსაბჭ. საქართველო
260 _c1976
300 _a34გვ. ; 16სმ
653 _aვერცხლის თასადამც მაქცია
942 _cBK
999 _c48859
_d48859